| 000 | 00646cas a22002055a 4500 | ||
|---|---|---|---|
| 001 | L131023 | ||
| 008 | 050921d19411989xxuqr p 0 a0eng u | ||
| 022 | 1 | _a0039-6273 | |
| 035 | _a(Sirsi) u131023 | ||
| 041 | 0 | _aeng | |
| 110 | 2 |
_aAmerican Congress on Surveying and Mapping _958 |
|
| 245 | 0 | 0 | _aSurveying and Mapping |
| 260 |
_aWashington D.C. _bACSM _c1941-1989 |
||
| 362 | _a6(1) January/March 1946-49(3) September 1989 | ||
| 554 | _aFour per year | ||
| 651 | 4 |
_aUnited States _y1959- |
|
| 690 | _aENVIRONMENTAL AND LAND CONSULTANCY-GEOMATICS-LAND SURVEYING | ||
| 785 | 0 | 0 |
_tSurveying and Land Information Systems _x0039-6273 |
| 942 | _n0 | ||
| 999 |
_c118846 _d118846 |
||